Football : les plus gros transferts (arrivées) de l'histoire du PSG - Statistiques

Statistiques générales
  • Ce quiz a été pris 523 fois
    163 depuis la dernière actualisation
  • Le résultat moyen est 14 sur 20
Statistiques - réponses
Prix (millions d'€) Nationalité Joueur % Correct
180 France Mbappé
100%
222 Brésil Neymar
100%
68 Maroc Hakimi
98%
64,5 Uruguay Cavani
93%
95 France Kolo Muani
88%
60 Uruguay Ugarte
82%
63 Argnetine Di Maria
80%
70 Géorgie Kvaratskhelia
80%
59 Portugal Neves
79%
40 Équateur Pacho
79%
65 Portugal Ramos
79%
50 France Dembélé
72%
41,5 Portugal Vitinha
64%
50 France Doué
58%
45 France Barcola
53%
50 Argentine Icardi
48%
42 Argentine Pastore
44%
42 Brésil Silva
44%
45 France Hernandez
37%
49,5 Brésil Luiz
37%
Aucun quiz correspondant
Distribution des résultats
% des personnes avec chaque résultat
Percentile par nombre de réponses
Votre historique - résultats
Vous n’avez pas pris ce quiz depuis la dernière actualisation